<?xml version="1.0" encoding="UTF-8"?><?xml-stylesheet type="text/xsl" href="static/style.xsl"?><OAI-PMH xmlns="http://www.openarchives.org/OAI/2.0/" xmlns:xsi="http://www.w3.org/2001/XMLSchema-instance" xsi:schemaLocation="http://www.openarchives.org/OAI/2.0/ http://www.openarchives.org/OAI/2.0/OAI-PMH.xsd"><responseDate>2026-04-13T02:29:41Z</responseDate><request verb="GetRecord" identifier="oai:www.recercat.cat:2072/425040" metadataPrefix="marc">https://recercat.cat/oai/request</request><GetRecord><record><header><identifier>oai:recercat.cat:2072/425040</identifier><datestamp>2026-03-09T19:46:49Z</datestamp><setSpec>com_2072_98</setSpec><setSpec>col_2072_378197</setSpec></header><metadata><record xmlns="http://www.loc.gov/MARC21/slim" xmlns:dcterms="http://purl.org/dc/terms/" xmlns:xsi="http://www.w3.org/2001/XMLSchema-instance" xmlns:doc="http://www.lyncode.com/xoai" xsi:schemaLocation="http://www.loc.gov/MARC21/slim http://www.loc.gov/standards/marcxml/schema/MARC21slim.xsd">
   <leader>00925njm 22002777a 4500</leader>
   <datafield ind2=" " ind1=" " tag="042">
      <subfield code="a">dc</subfield>
   </datafield>
   <datafield ind2=" " ind1=" " tag="720">
      <subfield code="a">Cabré, Anna</subfield>
      <subfield code="e">author</subfield>
   </datafield>
   <datafield ind2=" " ind1=" " tag="720">
      <subfield code="a">Domingo i Valls, Andreu</subfield>
      <subfield code="e">author</subfield>
   </datafield>
   <datafield ind2=" " ind1=" " tag="260">
      <subfield code="c">2007</subfield>
   </datafield>
   <datafield ind2=" " ind1=" " tag="520">
      <subfield code="a">Aquest treball ha estat publicat a Annuari, Barcelona: BBVA, Departament d'Economia de la Generalitat de Catalunya.</subfield>
   </datafield>
   <datafield ind2=" " ind1=" " tag="520">
      <subfield code="a">El text presenta un repàs sintètic de l'evolució demogràfica de Catalunya durant el període 1991-2005, que significa la inflexió respecte al llarg període d'estancament que seguí la crisi econòmica dels anys setanta. Aquest canvi de tendència, que ha fet possible el salt dels 6 als 7 milions d'habitants en un temps rècord, ha estat marcada, sobretot durant els primers anys del segle XXI, per la represa de les onades migratòries, aquest cop procedents de l'estranger, que són les responsables de canvis fonamentals en el conjunt de la dinàmica demogràfica de Catalunya, així com de l'estructura per sexe i edat i de la seva distribució en el territori.</subfield>
   </datafield>
   <datafield ind2=" " ind1=" " tag="520">
      <subfield code="a">En el texto se realiza un repaso sintético de la evolución demográfica de Cataluña durante el periodo 1991-2005, que representa la inflexión respecto al largo periodo de estancamiento que siguió de la crisis económica de los años setenta. Este cambio de tendencia, que ha hecho posible el salto de los 6 a los 7 millones de habitantes en un tiempo récord, se ha caracterizado, sobretodo durante los primeros años del siglo XXI, por la reanudación de las olas migratorias, esta vez procedentes del extranjero, que son las responsables de cambios fundamentales en el conjunto de la dinámica demográfica de Cataluña, así como de la estructura por sexo y edad, y de su distribución en el territorio.</subfield>
   </datafield>
   <datafield ind2=" " ind1=" " tag="520">
      <subfield code="a">This paper presents a synthetic review of Catalonia's demographic evolution during the period 1991-2005. This is a period that constitutes a turning point regarding the long settlement phase that followed the seventies economic crisis. This changing trend, that has facilitated a jump from 6 to 7 millions of inhabitants in record time, has been characterized by the re-start of foreigners' migration waves. These waves are responsible for most of the transformations that the demographic dynamics of Catalonia as a whole have experienced, as well as the changes in the age and sex structure and their distribution among the territory.</subfield>
   </datafield>
   <datafield tag="653" ind2=" " ind1=" ">
      <subfield code="a">Evolució demogràfica</subfield>
   </datafield>
   <datafield tag="653" ind2=" " ind1=" ">
      <subfield code="a">Immigració</subfield>
   </datafield>
   <datafield tag="653" ind2=" " ind1=" ">
      <subfield code="a">Catalunya</subfield>
   </datafield>
   <datafield tag="653" ind2=" " ind1=" ">
      <subfield code="a">Segle XXI</subfield>
   </datafield>
   <datafield tag="653" ind2=" " ind1=" ">
      <subfield code="a">Evolución demográfica</subfield>
   </datafield>
   <datafield tag="653" ind2=" " ind1=" ">
      <subfield code="a">Inmigración</subfield>
   </datafield>
   <datafield tag="653" ind2=" " ind1=" ">
      <subfield code="a">Cataluña</subfield>
   </datafield>
   <datafield tag="653" ind2=" " ind1=" ">
      <subfield code="a">Siglo XXI</subfield>
   </datafield>
   <datafield tag="653" ind2=" " ind1=" ">
      <subfield code="a">Demographic evolution</subfield>
   </datafield>
   <datafield tag="653" ind2=" " ind1=" ">
      <subfield code="a">Immigration</subfield>
   </datafield>
   <datafield tag="653" ind2=" " ind1=" ">
      <subfield code="a">Catalonia</subfield>
   </datafield>
   <datafield tag="653" ind2=" " ind1=" ">
      <subfield code="a">Twenty first century</subfield>
   </datafield>
   <datafield tag="653" ind2=" " ind1=" ">
      <subfield code="a">Évolution démographique</subfield>
   </datafield>
   <datafield tag="653" ind2=" " ind1=" ">
      <subfield code="a">Catalogne</subfield>
   </datafield>
   <datafield tag="653" ind2=" " ind1=" ">
      <subfield code="a">XXIème siècle</subfield>
   </datafield>
   <datafield ind2="0" ind1="0" tag="245">
      <subfield code="a">Demografia i immigració, 1991-2005</subfield>
   </datafield>
</record></metadata></record></GetRecord></OAI-PMH>